Women in China (Record no. 1377548)

MARC details
000 -LEADER
fixed length control field 00490nam a2200181Ia 4500
005 - DATE AND TIME OF LATEST TRANSACTION
control field 20250508162609.0
008 - FIXED-LENGTH DATA ELEMENTS--GENERAL INFORMATION
fixed length control field 008 250505s9999 xx 000 0 eng d
037 ## - SOURCE OF ACQUISITION
Stock number Textual
040 ## - CATALOGING SOURCE
Original cataloging agency FEDL
Language of cataloging eng
Transcribing agency FEDL
041 ## - LANGUAGE CODE
Language code of text/sound track or separate title eng
Source of code eng
084 ## - COLON CLASSIFICATION NUMBER
Classification number 305.4, MOU
Assigning agency FEDL
100 ## - MAIN ENTRY--PERSONAL NAME
Personal name Moudud Hasna Jasimuddin
9 (RLIN) 135472
245 #0 - TITLE STATEMENT
Title Women in China
260 ## - PUBLICATION, DISTRIBUTION, ETC.
Place of publication, distribution, etc. Ghaziabad, India
Name of publisher, distributor, etc. Shakti Books
Date of publication, distribution, etc. 1980
300 ## - PHYSICAL DESCRIPTION
Extent 94p.
942 ## - ADDED ENTRY ELEMENTS (KOHA)
Koha item type Textual
Classification part 305.4, MOU
Holdings
Withdrawn status Lost status Damaged status Not for loan Home library Current library Date acquired Total Checkouts Full call number Barcode Date last seen Price effective from Koha item type
        Department of Education Library Department of Education Library 2025-05-08   305.4, MOU EL0070035 2025-05-08 2025-05-08 Textual
Copyright @ Delhi University Library System